George Patton, general in spurs.

Bibliographic Details
Main Author: Hatch, Alden, 1898-1975
Format: Book
Language:English
Published: New York : Modern Literary Editions, [1950]
Subjects:

MARC

Tag First Indicator Second Indicator Subfields
LEADER 00000cam a2200000I 4500
001 in00003435421
005 20151206105139.0
008 760722s1950 nyub 000 0beng d
035 |a (OCoLC)ocm02327676 
035 |a (OCoLC)2327676 
040 |a TJC  |b eng  |c TJC  |d OCL  |d OCLCQ  |d OCLCG  |d OCLCA  |d OCLCQ  |d OCLCF  |d TXA  |d UtOrBLW 
049 |a TXAM 
050 4 |a E745.P3  |b H3 1950a 
090 |a E745.P3  |b H37 1950 
100 1 |a Hatch, Alden,  |d 1898-1975. 
245 1 0 |a George Patton, general in spurs. 
246 3 |a General in spurs 
264 1 |a New York :  |b Modern Literary Editions,  |c [1950] 
300 |a 221 pages :  |b map ;  |c 18 cm 
336 |a text  |b txt  |2 rdacontent 
337 |a unmediated  |b n  |2 rdamedia 
338 |a volume  |b nc  |2 rdacarrier 
500 |a The Cushing Library/Ragan Military copy is a gift of Ann, Fred, and Tracie Burns for the Major Curtis Burns '52 Aviation Collection. 
600 1 0 |a Patton, George S.  |q (George Smith),  |d 1885-1945. 
600 1 7 |a Patton, George S.  |q (George Smith),  |d 1885-1945.  |2 fast  |0 (OCoLC)fst00031356 
948 |a cataloged  |b h  |c 2014/9/11  |d c  |e lschille  |f 3:00:18 pm 
994 |a C0  |b TXA 
999 |a MARS 
999 f f |s 33924ddc-5a08-3743-9d86-bd5dbe3fe318  |i f1ddd9a6-1f94-3c14-8337-93c57310d06d  |t 0 
952 f f |p noncirc  |a Texas A&M University  |b College Station  |c Cushing Memorial Library & Archives  |d Cushing: Ragan Military (Does not check out)  |t 0  |e E745.P3 H37 1950  |h Library of Congress classification  |i unmediated -- volume 
998 f f |a E745.P3 H37 1950  |t 0  |l Cushing: Ragan Military (Does not check out)